000 00625nam a2200217 a 4500
001 BRCA_4285
005 20190320204620.0
008 230610s1915----nyuc######---#000-0#eng-#
041 _aeng
044 _anyu
050 4 _aF1215
_b.T45 1915
245 1 0 _aThirteen Years in Mexico
_bfrom Letters of Charles W. Drees
_ced. by Ada M. C. Drees.
260 _aNueva York
_bAbingdon
_c1915
300 _a276 p.
_bil., 2 retratos
_c21 cm.
500 _aCEF81
650 1 4 _aViajeros estadounidenses
_97583
651 4 _aMéxico
_xDescripción y viajes
_9103
700 1 _aDrees, Ada M. C.
_911034
902 _aGFM
942 _2lcc
_cB
999 _c3996
_d3996